[Event "Casablanca Mohammed op 4th"]
[Site "Casablanca"]
[Date "2023.08.15"]
[Round "2"]
[White "Messala, Nouredine"]
[Black "Elbilia, Jacques"]
[Result "0-1"]
[WhiteElo "2058"]
[BlackElo "2370"]
[PlyCount "100"]
[EventDate "2023.08.14"]
[EventType "swiss"]
[EventRounds "9"]
[EventCountry "MAR"]
[SourceTitle "CBM 215 Extra"]
[Source "ChessBase"]
[SourceDate "2023.09.30"]
[SourceVersion "1"]
[SourceVersionDate "2023.09.30"]
[SourceQuality "1"]

1. d4 e6 2. Nf3 d5 3. e3 Nf6 4. Bd3 c5 5. c3 Nbd7 6. Nbd2 Bd6 7. e4 cxd4 8. cxd4 dxe4 9. Nxe4 Nxe4 10. Bxe4 Nf6 11. Bd3 Qa5+ 12. Bd2 Bb4 13. 0-0 Bxd2 14. Qxd2 Qxd2 15. Nxd2 Bd7 16. Nc4 Ke7 17. Ne5 Rac8 18. Rac1 Nd5 19. g3 f6 20. Nxd7 Kxd7 21. Rxc8 Kxc8 22. Be4 Nc7 23. Rc1 f5 24. Bf3 Rd8 25. Rd1 Nb5 26. d5 e5 27. Be2 Nd6 28. f3 Kd7 29. Kf2 Rc8 30. Rd2 g5 31. Ke3 Nc4+ 32. Bxc4 Rxc4 33. b3 Rc3+ 34. Rd3 Rc2 35. g4 f4+ 36. Ke4 Kd6 37. Kf5 h6 38. a3 Re2 39. Rd1 Re3 40. Kg6 Rxf3 41. Kxh6 e4 42. Kxg5 e3 43. h4 e2 44. Re1 Rf2 45. h5 f3 46. h6 Rh2 47. Kg6 Kxd5 48. g5 Ke4 49. Kg7 Ke3 50. h7 f2 0-1

[Event "Valencia Cuna op 4th"]
[Site "Valencia"]
[Date "2023.07.13"]
[Round "6"]
[White "Elbilia, Jacques"]
[Black "Arizmendi Martinez, Julen Luis"]
[Result "0-1"]
[WhiteElo "2387"]
[BlackElo "2501"]
[PlyCount "58"]
[EventDate "2023.07.08"]
[EventType "swiss"]
[EventRounds "9"]
[EventCountry "ESP"]
[SourceTitle "CBM 215 Extra"]
[Source "ChessBase"]
[SourceDate "2023.09.30"]
[SourceVersion "1"]
[SourceVersionDate "2023.09.30"]
[SourceQuality "1"]

1. d4 d5 2. Nf3 Nf6 3. c4 e6 4. Nc3 Be7 5. cxd5 exd5 6. Bf4 c6 7. e3 Nh5 8. Bg3 Nd7 9. Bd3 Nxg3 10. hxg3 Nf6 11. Qc2 g6 12. 0-0-0 Qa5 13. Kb1 Ng4 14. Nh2 Nxh2 15. Rxh2 Be6 16. Rdh1 h5 17. g4 Bxg4 18. f3 Be6 19. g4 Bd6 20. Bxg6 fxg6 21. Qxg6+ Kd7 22. Rxh5 Rxh5 23. Rxh5 Rg8 24. Rh7+ Be7 25. Qf6 Qd8 26. Na4 b6 27. Qe5 Qb8 28. Qf6 Qf8 29. Qe5 Qxf3 0-1

[Event "FRA-chT Top 12"]
[Site "Belfort"]
[Date "2012.06.02"]
[Round "3.6"]
[White "Flom, Gabriel"]
[Black "Elbilia, Jacques"]
[Result "1/2-1/2"]
[WhiteElo "2412"]
[BlackElo "2382"]
[PlyCount "159"]
[EventDate "2012.05.31"]
[EventType "team-tourn"]
[EventRounds "11"]
[EventCountry "FRA"]
[SourceTitle "CBM 148 Extra"]
[Source "ChessBase"]
[SourceDate "2012.06.22"]
[SourceVersion "1"]
[SourceVersionDate "2012.06.22"]
[SourceQuality "1"]
[WhiteTeam "Deauville"]
[BlackTeam "Metz Fischer"]
[WhiteTeamCountry "FRA"]
[BlackTeamCountry "FRA"]

1. d4 Nf6 2. c4 c5 3. Nf3 cxd4 4. Nxd4 e6 5. g3 Bb4+ 6. Nc3 0-0 7. Bg2 d5 8. cxd5 Nxd5 9. Qb3 Nc6 10. Nxc6 bxc6 11. 0-0 Qa5 12. Bd2 Bxc3 13. bxc3 Ba6 14. Rfe1 Rab8 15. Qc2 Bc4 16. e4 Nb6 17. e5 Rfd8 18. Be4 Kh8 19. Be3 Qa6 20. Bxh7 Bd3 21. Bxd3 Qxd3 22. Qxd3 Rxd3 23. Rec1 Nc4 24. Bxa7 Rb5 25. a4 Rxe5 26. Rcb1 Ra5 27. Rb7 f6 28. Bb8 e5 29. Bc7 Ra6 30. a5 Rd5 31. Ra4 Rb5 32. Rxb5 cxb5 33. Ra1 Ra7 34. Bd8 Kg8 35. Rb1 Nxa5 36. Rxb5 Nc4 37. Rc5 Ra1+ 38. Kg2 Nd2 39. Rc8 Kf7 40. c4 Rc1 41. c5 Ne4 42. c6 Ke6 43. Ba5 Nd6 44. Rc7 Ne8 45. Rc8 Nd6 46. Rg8 Kf7 47. Rd8 Rxc6 48. Rd7+ Kg8 49. h4 Nf5 50. h5 Rc4 51. Kh3 Ra4 52. Bb6 Rb4 53. Ba7 Nh6 54. Bc5 Rc4 55. Rd8+ Kf7 56. Rf8+ Ke6 57. Bb6 Rb4 58. Ba7 Ra4 59. Bb6 Rb4 60. Be3 Ng4 61. Bc5 Rc4 62. Re8+ Kf7 63. Re7+ Kg8 64. Ba7 Nh6 65. Rd7 Ra4 66. f3 Ra3 67. Kg2 Nf5 68. Bf2 Ra2 69. Rd3 Ra8 70. g4 Nh6 71. Be3 e4 72. fxe4 Nxg4 73. Bf4 Ra5 74. Rd5 Ra3 75. Rd6 Rb3 76. Rd8+ Kh7 77. Rd7 Ra3 78. Re7 Ne3+ 79. Kf2 Ng4+ 80. Kg2 1/2-1/2

[Event "FRA-chT Top 12"]
[Site "Mulhouse"]
[Date "2011.05.27"]
[Round "2.5"]
[White "Nguyen, Chi Minh"]
[Black "Elbilia, Jacques"]
[Result "1/2-1/2"]
[WhiteElo "2381"]
[BlackElo "2390"]
[PlyCount "61"]
[EventDate "2011.05.26"]
[EventType "team-tourn"]
[EventRounds "11"]
[EventCountry "FRA"]
[SourceTitle "CBM 142 Extra"]
[Source "ChessBase"]
[SourceDate "2011.06.27"]
[SourceVersion "1"]
[SourceVersionDate "2011.06.27"]
[SourceQuality "1"]
[WhiteTeam "Noyon"]
[BlackTeam "Metz Fischer"]
[WhiteTeamCountry "FRA"]
[BlackTeamCountry "FRA"]

1. d4 Nf6 2. c4 e6 3. Nc3 Bb4 4. e3 0-0 5. Nge2 d5 6. a3 Be7 7. Ng3 c5 8. dxc5 Bxc5 9. b4 Be7 10. Bb2 a5 11. b5 dxc4 12. Bxc4 Nbd7 13. 0-0 b6 14. Qf3 Ra7 15. Nce4 Rc7 16. Rac1 Bb7 17. Rfd1 Qa8 18. Qf4 Rfc8 19. Nxf6+ Nxf6 20. Bxf6 Bxf6 21. Nh5 Bb2 22. Rc2 Bxg2 23. Rxb2 Rxc4 24. Qg5 g6 25. Nf6+ Kg7 26. Nh5+ Kg8 27. Nf6+ Kg7 28. Nd7 Qb7 29. Nf6 R8c5 30. Qe5 Kh6 31. Nh5 1/2-1/2

[Event "FRA-chT Top 16 GpB"]
[Site "France"]
[Date "2010.05.02"]
[Round "7"]
[White "Reinhart, Emmanuel"]
[Black "Elbilia, Jacques"]
[Result "1-0"]
[WhiteElo "2337"]
[BlackElo "2402"]
[PlyCount "119"]
[EventDate "2010.03.26"]
[EventType "team-tourn"]
[EventRounds "7"]
[EventCountry "FRA"]
[SourceTitle "CBM 135 Extra"]
[Source "ChessBase"]
[SourceDate "2010.05.04"]
[SourceVersion "1"]
[SourceVersionDate "2010.05.04"]
[SourceQuality "1"]

1. e4 d6 2. d4 Nf6 3. Nc3 e5 4. Nge2 Be7 5. h3 exd4 6. Nxd4 0-0 7. Be3 a6 8. Qf3 c5 9. Nf5 Bxf5 10. Qxf5 b5 11. g4 g6 12. Qf3 Nbd7 13. Be2 b4 14. Na4 d5 15. exd5 Ne5 16. Qg3 Qxd5 17. 0-0 Ne4 18. Qg2 Qc6 19. Nb6 Qxb6 20. Qxe4 Bf6 21. Rad1 Rad8 22. Rxd8 Rxd8 23. Rd1 Rxd1+ 24. Bxd1 Qd6 25. Be2 Nd7 26. Qa8+ Nb8 27. Bxa6 Kg7 28. Bc4 Nd7 29. Qe8 Ne5 30. Be2 g5 31. Qc8 Be7 32. Qf5 h6 33. Qe4 Ng6 34. Bd3 Bf6 35. Qf5 c4 36. Bxc4 Nh4 37. Qd5 Qe7 38. a3 bxa3 39. bxa3 Ng6 40. a4 Nf4 41. Bxf4 gxf4 42. a5 Qa7 43. a6 Bd4 44. Qf3 Qc7 45. Bd3 Qe5 46. Kg2 Bb6 47. Qe4 Qd6 48. Bc4 Qc7 49. Qd5 Ba7 50. Bb3 Kf6 51. h4 Kg7 52. Qb7 Qxb7+ 53. axb7 Kf6 54. Kf3 Bb8 55. Ke4 Bc7 56. Kd5 Bb8 57. f3 Ke7 58. g5 hxg5 59. hxg5 Kd7 60. Kc5 1-0

[Event "FRA-chT Top 16 GpB"]
[Site "France"]
[Date "2010.03.28"]
[Round "3"]
[White "Vovk, Yuri"]
[Black "Elbilia, Jacques"]
[Result "1-0"]
[WhiteElo "2545"]
[BlackElo "2402"]
[PlyCount "51"]
[EventDate "2010.03.26"]
[EventType "team-tourn"]
[EventRounds "7"]
[EventCountry "FRA"]
[SourceTitle "CBM 135 Extra"]
[Source "ChessBase"]
[SourceDate "2010.05.04"]
[SourceVersion "1"]
[SourceVersionDate "2010.05.04"]
[SourceQuality "1"]

1. e4 d6 2. d4 Nf6 3. Nc3 e5 4. Nf3 Nbd7 5. Bc4 Be7 6. 0-0 0-0 7. Re1 c6 8. a4 a5 9. h3 h6 10. Ba2 Re8 11. Be3 Nh7 12. Nd2 Bg5 13. dxe5 dxe5 14. Nc4 Rf8 15. Qd6 Be7 16. Qd2 Qc7 17. Rad1 Ng5 18. f4 Ne6 19. f5 Ng5 20. Qf2 Bb4 21. Qh4 Be7 22. Qg3 Kh8 23. Rd2 Re8 24. h4 Nh7 25. Rxd7 Qxd7 26. Rd1 1-0

[Event "Livry Gargan op rap"]
[Site "Livry Gargan"]
[Date "2009.05.10"]
[Round "3"]
[White "Elbilia, Jacques"]
[Black "Guliyev, Namig"]
[Result "0-1"]
[WhiteElo "2402"]
[BlackElo "2534"]
[PlyCount "152"]
[EventDate "2009.05.10"]
[EventType "swiss"]
[EventRounds "9"]
[EventCountry "FRA"]
[SourceTitle "CBM 130 Extra"]
[Source "ChessBase"]
[SourceDate "2009.07.02"]
[SourceVersion "2"]
[SourceVersionDate "2009.07.15"]
[SourceQuality "1"]

1. d4 d5 2. Nf3 Nf6 3. Bf4 e6 4. e3 Bd6 5. Bg3 Ne4 6. Nbd2 Nxg3 7. hxg3 b6 8. c3 Bb7 9. Bd3 Nd7 10. Qe2 Qe7 11. e4 dxe4 12. Bxe4 c6 13. 0-0 Nf6 14. Bd3 0-0 15. Ne4 c5 16. Nxf6+ Qxf6 17. Be4 Bxe4 18. Qxe4 cxd4 19. Nxd4 Qe5 20. Qxe5 Bxe5 21. Rad1 Rac8 22. Nf3 Bf6 23. Rd7 a6 24. Rfd1 Rfd8 25. Rxd8+ Rxd8 26. Rxd8+ Bxd8 27. Kf1 h5 28. a4 Kf8 29. Ke2 Ke7 30. Kd3 Kd6 31. b4 f5 32. Nd2 e5 33. Nc4+ Ke6 34. f3 Bc7 35. b5 axb5 36. axb5 g6 37. Ne3 Bd6 38. c4 Bc5 39. Nd5 Kd6 40. Ke2 Bd4 41. Kd3 Bg1 42. Ke2 Bc5 43. Kd3 Ke6 44. Nc3 g5 45. Nd5 g4 46. Nc7+ Kf7 47. Nd5 Bg1 48. Ke2 Ke6 49. Kd3 Bc5 50. Ke2 Kf7 51. Nc3 Bd4 52. Nd5 Bg1 53. Kf1 Bc5 54. Ke2 Kg6 55. Nc3 Kg5 56. Na4 Bd4 57. c5 bxc5 58. Nb6 Kf6 59. Nc4 Ke6 60. Kd3 Kd5 61. Nb6+ Ke6 62. Nc4 Bf2 63. b6 Bxg3 64. fxg4 e4+ 65. Ke3 hxg4 66. b7 Kd5 67. Nb6+ Kc6 68. Nc8 Kxb7 69. Ne7 f4+ 70. Kxe4 Kb6 71. Nf5 Kb5 72. Kd3 Kb4 73. Kc2 c4 74. Nh6 f3 75. gxf3 gxf3 76. Ng4 f2 0-1

[Event "FRA-chT1B 0708"]
[Site "France"]
[Date "2008.04.05"]
[Round "10.4"]
[White "De Labaca, Romuald"]
[Black "Elbilia, Jacques"]
[Result "0-1"]
[WhiteElo "2164"]
[BlackElo "2351"]
[PlyCount "59"]
[EventDate "2007.10.21"]
[EventType "team"]
[EventRounds "11"]
[EventCountry "FRA"]
[SourceTitle "EXT 2009"]
[Source "ChessBase"]
[SourceDate "2008.11.26"]
[SourceVersion "1"]
[SourceVersionDate "2008.11.26"]
[SourceQuality "1"]
[WhiteTeam "Cannes II"]
[BlackTeam "Vincennes"]
[WhiteTeamCountry "FRA"]
[BlackTeamCountry "FRA"]

1. e4 d6 2. d4 Nf6 3. Nc3 e5 4. Nge2 Nbd7 5. g3 Be7 6. Bg2 0-0 7. 0-0 c6 8. a4 b6 9. h3 a6 10. g4 Bb7 11. Be3 b5 12. Ng3 g6 13. f4 Ne8 14. Qd2 Ng7 15. Rad1 exf4 16. Bxf4 Ne6 17. Bh6 Bg5 18. Bxg5 Qxg5 19. d5 Qxd2 20. Rxd2 cxd5 21. axb5 d4 22. Nce2 Rfc8 23. c3 dxc3 24. Nxc3 Ne5 25. Rxd6 axb5 26. Nd5 Rc2 27. Rb6 Rxb2 28. Rxb7 Raa2 29. Ne3 Nc4 30. Nxc4 0-1

[Event "FRA-chT1B 0708"]
[Site "France"]
[Date "2008.02.09"]
[Round "6.2"]
[White "Sermier, Guillaume"]
[Black "Elbilia, Jacques"]
[Result "1-0"]
[WhiteElo "2366"]
[BlackElo "2351"]
[PlyCount "67"]
[EventDate "2007.10.21"]
[EventType "team"]
[EventRounds "11"]
[EventCountry "FRA"]
[SourceTitle "EXT 2009"]
[Source "ChessBase"]
[SourceDate "2008.11.26"]
[SourceVersion "1"]
[SourceVersionDate "2008.11.26"]
[SourceQuality "1"]
[WhiteTeam "Besancon TPG"]
[BlackTeam "Vincennes"]
[WhiteTeamCountry "FRA"]
[BlackTeamCountry "FRA"]

1. e4 d6 2. d4 Nf6 3. Nc3 e5 4. Nf3 Nbd7 5. Bc4 Be7 6. Ng5 0-0 7. Bxf7+ Rxf7 8. Ne6 Qe8 9. Nxc7 Qd8 10. Nxa8 b6 11. Be3 Bb7 12. d5 Qxa8 13. 0-0 b5 14. f3 Qb8 15. b4 a5 16. a3 Ba6 17. Qd3 Nb6 18. a4 Nc4 19. axb5 Nxe3 20. Qxe3 Bxb5 21. Nxb5 Qxb5 22. bxa5 Bd8 23. Rfb1 Qa6 24. Kh1 Rd7 25. Qd3 Qa7 26. Qb5 Kf7 27. a6 Rc7 28. Qb8 Ke7 29. Qxa7 Rxa7 30. Rb7+ Rxb7 31. axb7 Nd7 32. Ra8 Bc7 33. Rc8 Bb8 34. Kg1 1-0

[Event "Pula op 20th"]
[Site "Pula"]
[Date "2006.06.22"]
[Round "6"]
[White "Markosian, David S"]
[Black "Elbilia, Jacques"]
[Result "0-1"]
[WhiteElo "2397"]
[BlackElo "2333"]
[PlyCount "108"]
[EventDate "2006.06.18"]
[EventType "swiss"]
[EventRounds "9"]
[EventCountry "CRO"]
[SourceTitle "CBM 112 Extra"]
[Source "ChessBase"]
[SourceDate "2006.07.14"]
[SourceVersion "1"]
[SourceVersionDate "2006.07.14"]
[SourceQuality "1"]

1. e4 d6 2. d4 Nf6 3. Nc3 e5 4. Nf3 Nbd7 5. Bc4 Be7 6. 0-0 0-0 7. Re1 c6 8. a4 a5 9. Ba2 h6 10. h3 Re8 11. Nh4 exd4 12. Qxd4 Nc5 13. Ng6 Be6 14. Nxe7+ Qxe7 15. Bf4 Rad8 16. e5 dxe5 17. Qxe5 Qf8 18. Be3 Bd5 19. Qf5 Ne6 20. Bb6 Rd7 21. Nxd5 Nxd5 22. Bxa5 Ra8 23. Bd2 Rxa4 24. Bb3 Ne7 25. Bxe6 Nxf5 26. Bxd7 Rxa1 27. Rxa1 Nd4 28. Re1 Qd6 29. Bg4 f5 30. Be2 Nf3+ 31. Bxf3 Qxd2 32. Re7 Qc1+ 33. Kh2 Qf4+ 34. Kg1 Qc1+ 35. Kh2 Qxb2 36. c4 g5 37. Rd7 Qxf2 38. Rxb7 c5 39. Rd7 g4 40. Bd5+ Kh8 41. hxg4 Qh4+ 42. Kg1 Qe1+ 43. Kh2 Qh4+ 44. Kg1 fxg4 45. Rf7 h5 46. Kf1 Qg3 47. Ke2 h4 48. Rb7 Qe5+ 49. Kf2 h3 50. gxh3 Qh2+ 51. Ke3 g3 52. Rb8+ Kh7 53. Be4+ Kg7 54. Rb6 Qf2+ 0-1

[Event "Pula op 20th"]
[Site "Pula"]
[Date "2006.06.20"]
[Round "3"]
[White "Elbilia, Jacques"]
[Black "Pavasovic, Dusko"]
[Result "0-1"]
[WhiteElo "2333"]
[BlackElo "2534"]
[PlyCount "65"]
[EventDate "2006.06.18"]
[EventType "swiss"]
[EventRounds "9"]
[EventCountry "CRO"]
[SourceTitle "CBM 112 Extra"]
[Source "ChessBase"]
[SourceDate "2006.07.14"]
[SourceVersion "1"]
[SourceVersionDate "2006.07.14"]
[SourceQuality "1"]

1. d4 d5 2. c4 e6 3. Nc3 c6 4. e3 Nf6 5. Nf3 Nbd7 6. b3 Bb4 7. Bd2 0-0 8. a3 Bd6 9. c5 Bc7 10. b4 e5 11. Be2 Ne4 12. Nxe4 dxe4 13. Ng1 Qg5 14. g3 Nf6 15. Qc2 Bg4 16. Bc4 exd4 17. exd4 Qf5 18. Be3 Nd5 19. Bxd5 Qxd5 20. h3 Be6 21. Ne2 a5 22. Kd2 axb4 23. axb4 Bxh3 24. Nc3 Qe6 25. Qxe4 Qxe4 26. Nxe4 Bg2 27. Rxa8 Rxa8 28. Rh4 Bd8 29. Rf4 g5 30. Nf6+ Kg7 31. Nh5+ Kg6 32. g4 gxf4 33. Nxf4+ 0-1

[Event "Olympiad-37"]
[Site "Turin"]
[Date "2006.06.02"]
[Round "11"]
[White "Georgiev, Kiril"]
[Black "Elbilia, Jacques"]
[Result "1-0"]
[WhiteElo "2677"]
[BlackElo "2333"]
[PlyCount "47"]
[EventDate "2006.05.21"]
[EventType "team-swiss"]
[EventRounds "13"]
[EventCountry "ITA"]
[SourceTitle "CBM 113"]
[Source "ChessBase"]
[SourceDate "2006.07.31"]
[SourceVersion "1"]
[SourceVersionDate "2006.07.31"]
[SourceQuality "1"]
[WhiteTeam "Bulgaria"]
[BlackTeam "Morocco"]
[WhiteTeamCountry "BUL"]
[BlackTeamCountry "MAR"]

1. e4 d6 2. d4 Nf6 3. Nc3 e5 4. Nge2 Nbd7 5. h3 exd4 6. Qxd4 Be7 7. g4 Ne5 8. Bg2 Ng6 9. Rg1 h6 10. b3 Bd7 11. Bb2 c5 12. Qd2 Bc6 13. 0-0-0 Qa5 14. Ng3 Nh4 15. Bh1 0-0-0 16. f4 g6 17. Kb1 Kb8 18. Qf2 Nd7 19. e5 dxe5 20. Nd5 Bxd5 21. Rxd5 Nb6 22. Rxe5 Nc8 23. Ne4 Qc7 24. Rxe7 1-0

[Event "Olympiad-37"]
[Site "Turin"]
[Date "2006.05.28"]
[Round "7"]
[White "Rojas Keim, Luis Alberto"]
[Black "Elbilia, Jacques"]
[Result "1-0"]
[WhiteElo "2449"]
[BlackElo "2333"]
[PlyCount "105"]
[EventDate "2006.05.21"]
[EventType "team-swiss"]
[EventRounds "13"]
[EventCountry "ITA"]
[SourceTitle "CBM 113"]
[Source "ChessBase"]
[SourceDate "2006.07.31"]
[SourceVersion "1"]
[SourceVersionDate "2006.07.31"]
[SourceQuality "1"]
[WhiteTeam "Chile"]
[BlackTeam "Morocco"]
[WhiteTeamCountry "CHI"]
[BlackTeamCountry "MAR"]

1. e4 d6 2. d4 Nf6 3. Nc3 e5 4. Nf3 Nbd7 5. Bc4 Be7 6. 0-0 0-0 7. Re1 c6 8. a4 a5 9. Ba2 h6 10. h3 Re8 11. Be3 Bf8 12. Qd2 exd4 13. Bxd4 Nc5 14. Bxc5 dxc5 15. e5 Qxd2 16. Nxd2 Nh7 17. Nc4 Bf5 18. Re2 g5 19. Rd1 Be6 20. Nb6 Rab8 21. Bxe6 Rxe6 22. g3 f6 23. Nc4 Ra8 24. Rd7 Ra7 25. f4 fxe5 26. fxe5 Re7 27. Red2 Kf7 28. Ne4 b5 29. Ned6+ Ke6 30. Rxa7 Rxa7 31. axb5 cxb5 32. Nxb5 Rb7 33. Nc3 Be7 34. b3 Ra7 35. Nb5 Rb7 36. Nbd6 Rd7 37. Rd1 Nf8 38. Ra1 Ng6 39. Rxa5 Nxe5 40. Nxe5 Kxe5 41. Nc4+ Kd4 42. Kf2 h5 43. Ra4 Kc3 44. Ne3 Rd4 45. Rxd4 cxd4 46. Nd5+ Kxc2 47. Nxe7 d3 48. Nd5 d2 49. Ne3+ Kxb3 50. Ke2 Kc3 51. Nf1 d1Q+ 52. Kxd1 Kd3 53. Ke1 1-0

[Event "Paris-ch"]
[Site "Paris"]
[Date "2005.07.17"]
[Round "9"]
[White "Elbilia, Jacques"]
[Black "Romieux, Sebastien"]
[Result "1-0"]
[WhiteElo "2336"]
[BlackElo "2238"]
[PlyCount "101"]
[EventDate "2005.07.10"]
[EventType "swiss"]
[EventRounds "9"]
[EventCountry "FRA"]
[SourceTitle "CBM 107 Extra"]
[Source "ChessBase"]
[SourceDate "2005.09.01"]
[SourceVersion "1"]
[SourceVersionDate "2005.09.01"]
[SourceQuality "1"]

1. Nf3 d5 2. d4 Nf6 3. c4 c6 4. e3 g6 5. Nc3 Bg7 6. Qb3 0-0 7. a4 Ne4 8. cxd5 Nxc3 9. bxc3 cxd5 10. Ba3 Nc6 11. Bb5 Bg4 12. Nd2 a6 13. Bd3 Na5 14. Qb2 Qd7 15. Qb6 Nc6 16. Nb3 Rab8 17. Nc5 Qd8 18. Rb1 Na5 19. Qxd8 Rfxd8 20. Nb3 Nxb3 21. Rxb3 Re8 22. Kd2 Bd7 23. Rhb1 Bxa4 24. Rxb7 Bb5 25. Rxb8 Rxb8 26. Bxe7 Bf8 27. Bxf8 Kxf8 28. e4 dxe4 29. Bxe4 Rd8 30. Bd3 Bc6 31. g3 a5 32. Rb6 Bg2 33. Ra6 Rd5 34. Ke3 h5 35. c4 Rd7 36. Rxa5 Rb7 37. Rb5 Ra7 38. d5 Ke7 39. Rb2 Ra1 40. Rb7+ Kf6 41. Rb6+ Ke7 42. d6+ Kd7 43. c5 Ra3 44. Kd4 Ra4+ 45. Ke5 Bc6 46. Bb5 Re4+ 47. Kf6 Bxb5 48. Rxb5 Re2 49. Rb7+ Kc8 50. Rxf7 Rxf2+ 51. Kxg6 1-0

[Event "Paris-ch"]
[Site "Paris"]
[Date "2005.07.15"]
[Round "7"]
[White "Elbilia, Jacques"]
[Black "Guadalpi, David"]
[Result "1/2-1/2"]
[WhiteElo "2336"]
[BlackElo "2300"]
[PlyCount "38"]
[EventDate "2005.07.10"]
[EventType "swiss"]
[EventRounds "9"]
[EventCountry "FRA"]
[SourceTitle "CBM 107 Extra"]
[Source "ChessBase"]
[SourceDate "2005.09.01"]
[SourceVersion "1"]
[SourceVersionDate "2005.09.01"]
[SourceQuality "1"]

1. d4 Nf6 2. c4 e6 3. Nc3 d5 4. cxd5 exd5 5. Bg5 c6 6. Qc2 Be7 7. e3 0-0 8. Bd3 Nbd7 9. Nf3 Re8 10. 0-0-0 Nf8 11. Kb1 Be6 12. Rdg1 Rc8 13. Bxf6 Bxf6 14. g4 c5 15. g5 Be7 16. h4 c4 17. Bf5 b5 18. Bxe6 Nxe6 19. Qf5 b4 1/2-1/2

[Event "Cergy Pontoise op 2nd"]
[Site "Cergy Pontoise"]
[Date "2004.05.16"]
[Round "6"]
[White "Korneev, Oleg"]
[Black "Elbilia, Jacques"]
[Result "1-0"]
[WhiteElo "2573"]
[BlackElo "2400"]
[PlyCount "99"]
[EventDate "2004.05.15"]
[EventType "swiss"]
[EventRounds "10"]
[EventCountry "FRA"]
[SourceTitle "CBM 100 Extra"]
[Source "ChessBase"]
[SourceDate "2004.07.06"]
[SourceVersion "2"]
[SourceVersionDate "2004.07.06"]
[SourceQuality "1"]

1. e4 e6 2. d4 d5 3. Nd2 Nc6 4. Ngf3 Nf6 5. e5 Nd7 6. Be2 Be7 7. 0-0 f6 8. exf6 Bxf6 9. c4 0-0 10. Nb3 Kh8 11. Re1 a5 12. a4 dxc4 13. Bxc4 Nb6 14. Bd3 Nd5 15. Be4 Nce7 16. Ng5 Nf5 17. Qh5 Bxg5 18. Bxg5 Nf6 19. Qh3 h6 20. Rad1 Kg8 21. Bxf6 Qxf6 22. Qf3 Ra6 23. Nc5 Rb6 24. b3 Nd6 25. Qxf6 Rxf6 26. Bf3 c6 27. Bg4 Kf7 28. g3 Rb4 29. Re3 Nf5 30. Bxf5 Rxf5 31. Nd3 Rxd4 32. Ne5+ Rxe5 33. Rxd4 Rd5 34. Rf4+ Ke7 35. Ref3 Rf5 36. Rxf5 exf5 37. Rd3 Be6 38. Kf1 Bd5 39. Ke2 Kd6 40. Kd2 Kc5 41. Kc3 b5 42. Re3 b4+ 43. Kb2 Be4 44. f3 Kd4 45. fxe4 fxe4 46. Re1 Kd3 47. Rd1+ Ke2 48. Rd7 e3 49. Kc2 c5 50. Rxg7 1-0

[Event "Clichy Trophee Elyo"]
[Site "Clichy"]
[Date "2004.??.??"]
[Round "3"]
[White "Collas, Didier"]
[Black "Elbilia, Jacques"]
[Result "1/2-1/2"]
[WhiteElo "2422"]
[BlackElo "2295"]
[PlyCount "57"]
[EventDate "2004.10.01"]
[EventType "tourn"]
[EventRounds "9"]
[EventCountry "FRA"]
[EventCategory "4"]
[SourceTitle "CBM 102 Extra"]
[Source "ChessBase"]
[SourceDate "2004.11.03"]
[SourceVersion "1"]
[SourceVersionDate "2004.11.03"]
[SourceQuality "1"]

1. Nf3 d5 2. d4 c6 3. c4 Nf6 4. Nc3 a6 5. c5 Nbd7 6. Bf4 Nh5 7. e3 b6 8. cxb6 Nxf4 9. exf4 Qxb6 10. Bd3 Qxb2 11. Rc1 e6 12. 0-0 Bd6 13. f5 0-0 14. Na4 Qb8 15. fxe6 fxe6 16. Rxc6 Bb7 17. Rc3 Nf6 18. Rb3 Qc7 19. Qb1 Bc6 20. Rc1 Ne4 21. Rb6 Rxf3 22. Bxe4 Bxh2+ 23. Kh1 dxe4 24. Rbxc6 Qf4 25. Rc8+ Rxc8 26. Rxc8+ Kf7 27. gxf3 Qxf3+ 28. Kxh2 Qxf2+ 29. Kh1 1/2-1/2

[Event "FRA-chT2O 0203"]
[Site "France"]
[Date "2003.04.06"]
[Round "11.2"]
[White "Elbilia, Jacques"]
[Black "Ivanov, Mikhail M"]
[Result "1/2-1/2"]
[WhiteElo "2292"]
[BlackElo "2489"]
[PlyCount "93"]
[EventDate "2002.10.??"]
[EventType "team"]
[EventRounds "11"]
[EventCountry "FRA"]
[SourceTitle "EXT 2004"]
[Source "ChessBase"]
[SourceDate "2003.11.25"]
[SourceVersion "1"]
[SourceVersionDate "2003.11.25"]
[SourceQuality "1"]
[WhiteTeam "Vincennes"]
[BlackTeam "Mulhouse Philidor II"]
[WhiteTeamCountry "FRA"]
[BlackTeamCountry "FRA"]

1. d4 c5 2. d5 e5 3. Nc3 d6 4. e4 g6 5. Bb5+ Nd7 6. a4 Bg7 7. Nf3 Ngf6 8. 0-0 0-0 9. Re1 h6 10. g3 Nh7 11. Nh4 a6 12. Be2 b6 13. Be3 Ng5 14. Kh1 Nf6 15. f3 Kh7 16. Rb1 Nh3 17. Qd2 Nh5 18. Bf1 Ng5 19. Bg2 Bh3 20. b4 Bxg2+ 21. Kxg2 c4 22. b5 a5 23. Qe2 Rc8 24. Qf2 Rb8 25. Qe2 Qc8 26. Kg1 Nf4 27. Qf1 Nfh3+ 28. Kh1 f5 29. Qe2 f4 30. Bd2 h5 31. Rf1 Bh6 32. gxf4 Nxf4 33. Bxf4 Rxf4 34. Ng2 Rf7 35. f4 exf4 36. Rxf4 Kg7 37. Nd1 Rxf4 38. Nxf4 Qe8 39. Nf2 Qe5 40. N4h3 Nxh3 41. Nxh3 Re8 42. Qxc4 g5 43. Rf1 g4 44. Rf5 Qa1+ 45. Rf1 Qe5 46. Rf5 Qa1+ 47. Rf1 1/2-1/2